Commented translation of a specialised text from the English language into the Slovak language: Negotiation strategies in modern families bakalárska práca

Uložené v:
Podrobná bibliografia
Hlavný autor: Urminská, Dominika
Korporativný autor: Fakulta aplikovaných jazykov EU v Bratislave. Katedra jazykovedy a translatológie
Ďalší autori: Štefčík, Jozef, 1976-
Médium: Kniha
Jazyk:English
Vydavateľské údaje: Bratislava 2018
Tagy: Pridať tag
Žiadne tagy, Buďte prvý, kto otaguje tento záznam!

MARC

LEADER 00000nbm a2200000 4500
001 0244005
005 20181011093011.8
041 0 |a eng 
044 |a SK 
245 1 0 |a Commented translation of a specialised text from the English language into the Slovak language: Negotiation strategies in modern families  |b bakalárska práca  |c Dominika Urminská ; školiteľ: Jozef Štefčík 
264 1 |a Bratislava  |c 2018 
300 |a 58 s. 
100 1 |a Urminská, Dominika 
700 1 |a Štefčík, Jozef, 1976- 
710 2 |a Fakulta aplikovaných jazykov EU v Bratislave. Katedra jazykovedy a translatológie